00790nam a2200205 4500003000400000005001700004008004100021040002300062041000800085050001600093100004500109245015300154264011200307300003400419336002200453337002400475338002400499650003200523650002900555ISO20260601171016.0260508b1973\\\\xxu|||||\||||\00|\0\eng\d aicibspacicierda aeng aZ675.U5 E44 aEllsworth, Ralph E.d 1907-2000, eautor 1aAcademic library buildings : |b A guide to architectural issues and solutions /bA guide to architectural issues and solutions /cRalph A. Ellsworth 1aBoulder, colorado : |b Colorado associated university press, bColorado associated university press, c1973 a530 páginas:bilustraciones 2rdacontentatexto 2rdamediaasin medio 2rdacarrieravolumen aArquitectura de bibliotecas aBibliotecas académicas